| 000 | 00484nam a2200181Ia 4500 | ||
|---|---|---|---|
| 003 | GCL | ||
| 008 | 140319s9999 xx 000 0 ara d | ||
| 040 |
_aGCL / _cGCL |
||
| 082 | 0 | 4 |
_a693.5 _bم ا |
| 100 | 1 | _aمحمد ابراهيم الجارالله | |
| 245 | 1 | 0 |
_aادارة التشييد / _cمحمد ابراهيم الجارالله |
| 300 | _a546 ص | ||
| 490 | _a | ||
| 650 | 0 | 4 | _aالبناء |
| 650 | 0 | 4 | _aالعمارة |
| 650 | 0 | 4 | _aالتشييد |
| 942 |
_2ddc _cBK |
||
| 999 |
_c41937 _d41937 |
||